|
|
|
|
| LEADER |
01927nam a2200481 a 4500 |
| 001 |
EBC1608450 |
| 003 |
MiAaPQ |
| 005 |
20200520144314.0 |
| 006 |
m o d | |
| 007 |
cr cn||||||||| |
| 008 |
090807s2007 dcua sb 000 0 eng d |
| 035 |
|
|
|a (MiAaPQ)EBC1608450
|
| 035 |
|
|
|a (Au-PeEL)EBL1608450
|
| 035 |
|
|
|a (CaPaEBR)ebr10302896
|
| 035 |
|
|
|a (CaONFJC)MIL382235
|
| 035 |
|
|
|a (OCoLC)568151169
|
| 040 |
|
|
|a MiAaPQ
|c MiAaPQ
|d MiAaPQ
|
| 043 |
|
|
|a ec-----
|a ee-----
|a e------
|
| 050 |
|
4 |
|a HJ1000.7
|b .H38 2007
|
| 100 |
1 |
|
|a Hauner, David.
|
| 245 |
1 |
0 |
|a Policy credibility and sovereign credit
|h [electronic resource] :
|b the case of new EU member states /
|c prepared by David Hauner, Jiri Jonas, and Manmohan S. Kumar.
|
| 260 |
|
|
|a [Washington, D.C.] :
|b International Monetary Fund,
|c 2007.
|
| 300 |
|
|
|a 29 p. :
|b ill.
|
| 490 |
1 |
|
|a IMF working paper ;
|v WP/07/1
|
| 500 |
|
|
|a "January 2007."
|
| 504 |
|
|
|a Includes bibliographical references (p. 17-19).
|
| 533 |
|
|
|a Electronic reproduction. Ann Arbor, MI : ProQuest, 2015. Available via World Wide Web. Access may be limited to ProQuest affiliated libraries.
|
| 650 |
|
0 |
|a Fiscal policy
|z Europe, Central.
|
| 650 |
|
0 |
|a Fiscal policy
|z Europe, Eastern.
|
| 650 |
|
0 |
|a Fiscal policy
|z European Union countries.
|
| 650 |
|
0 |
|a Credit ratings
|z Europe, Central.
|
| 650 |
|
0 |
|a Credit ratings
|z Europe, Eastern.
|
| 650 |
|
0 |
|a Credit ratings
|z European Union countries.
|
| 650 |
|
0 |
|a Debts, Public
|z Europe, Central.
|
| 650 |
|
0 |
|a Debts, Public
|z Europe, Eastern.
|
| 650 |
|
0 |
|a Debts, Public
|z European Union countries.
|
| 655 |
|
4 |
|a Electronic books.
|
| 700 |
1 |
|
|a Jonas, Jiri.
|
| 700 |
1 |
|
|a Kumar, Manmohan S.
|
| 710 |
2 |
|
|a International Monetary Fund.
|b Fiscal Affairs Dept.
|
| 710 |
2 |
|
|a ProQuest (Firm)
|
| 830 |
|
0 |
|a IMF working paper ;
|v WP/07/1.
|
| 856 |
4 |
0 |
|u https://ebookcentral.proquest.com/lib/matrademy/detail.action?docID=1608450
|z Click to View
|